Характеристика соединений и частей противника, оборонявшихся перед 31-й армией 1-го Украинского фронта в период с 1 по 7 мая 194...

RUSMARC
00005683cbm0a2200337#x 450
001289beac9-3ca1-4f00-8845-86066b1a2cc3
00520250430105748.0
100##$a20250429j19450617k###0rusy50 ca
1010#$arus
102##$aRU
1220#$ad19450617##
2001#$aХарактеристика соединений и частей противника, оборонявшихся перед 31-й армией 1-го Украинского фронта в период с 1 по 7 мая 1945 г.
$j17 июня 1945 г.
251##$cДокумент
300##$aЗаверенная копия
461#0$12001
$aФ. 236
$1251
$cФонд
$1852
$j236
462#0$12001
$aОп. 2673
$1251
$cОпись
$1852
$j2673
462#0$12001
$aД. 2644
$vЛ. 108-110
$1251
$cДело
$1852
$j2644
60102$2prlib_sh
$3LIBNET\UAF\0000057822
$aУкраинский фронт
$c4; 1943 - 1945
$jДокументы и материалы
605##$2prlib_sh
$3LIBNET\UAF\0000088514
$aВторая мировая война в архивных документах (Комплекс оцифрованных архивных документов, кино- и фотоматериалов)
$lколлекция
605##$2acquisition_Prlib
$3DITM\AF\0000002775
$aВласть
$lколлекция
605##$2acquisition_Prlib
$3DITM\AF\0000003834
$aНарод
$lколлекция
6061#$2nlr_sh
$3RU\NLR\AUTH\661520861
$aВеликая Отечественная война
$z1941 - 1945
$zТретий период
$z1944 - 1945
$jДокументы и материалы
6061#$2nlr_sh
$3RU\NLR\AUTH\661342670
$aВеликая Отечественная война
$z1941 - 1945
$xВоенные операции
$z1945
$jДокументы и материалы
6061#$2nlr_sh
$3RU\NLR\AUTH\661347772
$aВеликая Отечественная война
$z1941 - 1945
$xВоенные операции немецкие
$z1943 - 1945
$jДокументы и материалы
686##$a63.3(2)622,13ю1
$2rubbk
$vLBC/M
686##$a63.3(4Гем)62ю1
$2rubbk
$vLBC/M
801#0$aRU
$bПБ им. Б.Н. Ельцина
$c20250429
801#1$aRU
$bПБ им. Б.Н. Ельцина
$c20250429
$2rusmarc
801#2$aRU
$bПБ им. Б.Н. Ельцина
$c20250430
$2rusmarc
850##$aЦентральный архив Министерства обороны Российской Федерации
852##$aЦА МО РФ
$jЛ. 108-110
035##$aLIBNET\0001470863
937##$d196712254
$hФедеральное архивное агентство
8564#$uhttp://readingroom.main.prlib.ru/item.aspx?id_node=n196712254&mode=full
Формат отображения